| 000 | 00485nam a22001577a 4500 | ||
|---|---|---|---|
| 005 | 20251108171123.0 | ||
| 008 | 250721s9999 xx 000 0 ara d | ||
| 082 | 1 | 4 | _a219/منص |
| 100 | 1 | _aعويس، منصور محمد محمد | |
| 245 | 1 | 0 | _aالرسول صلى الله عليه و سلم و الحرب النفسية / |
| 264 | 1 |
_aليبيا : _bمكتبة النجاح، |
|
| 300 | _a319ص | ||
| 650 | 1 | 7 | _aالسيرة النبوية |
| 942 |
_2ddc _cBK |
||
| 999 |
_c57130 _d57130 |
||